¿Necesita el concepto de dignidad humana una fundamentación teológica? (Registro nro. 49897)
[ vista simple ]
| 000 -LÍDER | |
|---|---|
| Campo fijo de descripción fija | 00995aab a2200193 i 4500 |
| 001 - NÚMERO DE CONTROL | |
| Campo de control | 768714001 |
| 003 - IDENTIFICADOR DEL NÚMERO DE CONTROL | |
| Campo de control | CO-MdFUSB |
| 005 - FECHA Y HORA DE LA ULTIMA TRANSACCIÓN | |
| control field | 20221031162514.0 |
| 008 - ELEMENTOS DE LONGITUD FIJA -- INFORMACIÓN GENERAL | |
| Campo fijo de descripción fija -- Información general | 221031s2003 sp ||||| |||| 00| 0 spa d |
| 040 ## - FUENTE DE CATALOGACIÓN | |
| Idioma de catalogación | spa |
| Agencia que realiza la transcripción | CO-MdFUSB |
| Agencia que realiza la modificación | CO-MdFUSB |
| 041 ## - CÓDIGO DE IDIOMA | |
| Código de idioma para texto/pista de sonido o título separado | spa |
| 100 1# - ASIENTO PRINCIPAL--NOMBRE PERSONAL | |
| Nombre personal | Junker Kenny, Maureen |
| Término relacionador | autor |
| 245 10 - TÍTULO | |
| Título | ¿Necesita el concepto de dignidad humana una fundamentación teológica? |
| Mención de responsabilidad | / Maureen Junker Kenny |
| 300 ## - DESCRIPCIÓN FÍSICA | |
| Extensión | Número 300, (2003), Página 65-76 |
| Dimensiones | ; 21 cm |
| 520 ## - NOTA DE RESUMEN, ETC. | |
| Nota de sumario, etc. | Algunos piensan que el concepto de dignidad humana es válido como fundamento último de una base ética común para una sociedad pluralista. Dado que se trata de un concepto formal que no prescribe unos contenidos positivos determinados, permite llegar a cierto consenso social sobre aquélla. En cambio, hay otros que piensan que se trata de una categoría fundamentalista. |
| 653 ## - TÉRMINO DE INDIZACIÓN - NO CONTROLADO | |
| Término no controlado | Dignidad humana |
| 773 0# - ASIENTO DE ITEM FUENTE | |
| Título | Concilium |
| Biblionumber | 49450 |
| Itemnumber | 60413 |
| Parte(s) relacionada(s) / Volumen., número. (mes año), páginas | Número 300, (2003), Página 65-76 |
| Enumeración y primera página | Página 65 |
| 942 ## - TIPO DE MATERIAL (KOHA) | |
| Tipo de Item KOHA | Artículos de Revista |
No hay ítems disponibles.
